| 000 | 00000nam 2200000za 4500 |
| 001 | 9.837819 |
| 003 | CaOODSP |
| 005 | 20221107151230 |
| 007 | cr ||||||||||| |
| 008 | 170606s1985 onc |o||||f|0| 0|fre d |
| 040 | |aCaOODSP|bfre |
| 041 | |afre|aeng |
| 043 | |an-cn--- |
| 086 | 1 |aCS11-614/85-15-PDF |
| 100 | 1 |aCholette, Pierre-A. (Pierre-Arthur), |d1948- |
| 245 | 10|aNon-central weights for the Henderson moving averages |h[ressource électronique] = |bPoids non centraux pour les moyennes mobiles Henderson / |cpar Pierre A. Cholette. |
| 246 | 11|aPoids non centraux pour les moyennes mobiles Henderson |
| 260 | |a[Ottawa] : |bStatistique Canada, |c[1985]. |
| 300 | |a19 p. |
| 490 | 1 |aCahier de travail (Statistique Canada. Direction de la méthodologie) ; |v85-15 |
| 500 | |aÉdition numérisée de l'imprimé [par Statistique Canada]. |
| 500 | |a« Cahier de travail RASC-85-015F. » |
| 504 | |aComprend des références bibliographiques. |
| 520 | |a« Ce travail élabore des poids non centraux pour la moyenne mobile Henderson à 7 termes. Ces poids s'avèrent détenir des propriétés spectrales acceptables »--Introduction, p. 1. |
| 546 | |aTexte en français et en anglais. |
| 692 | 07|2gccst|aMéthodologie |
| 692 | 07|2gccst|aAnalyse économique |
| 710 | 1 |aCanada. |bStatistique Canada. |bDirection de la méthodologie. |
| 791 | |tNon-central weights for the Henderson moving averages |eeng|w(CaOODSP)9.837816 |
| 830 | #0|aCahier de travail (Statistique Canada. Direction de la méthodologie)|v85-15|w(CaOODSP)9.834767 |
| 856 | 40|qPDF|s2.07 Mo|uhttps://publications.gc.ca/collections/collection_2017/statcan/11-613/CS11-614-85-15.pdf |
| 986 | |a11-614 |